Applied electricity (Record no. 553597)
[ view plain ]
| 000 -LEADER | |
|---|---|
| fixed length control field | 00474cam a2200157 4500 |
| 082 00 - DEWEY DECIMAL CLASSIFICATION NUMBER | |
| Classification number | 621.3 |
| Author Mark | HIR |
| -- | L- |
| 100 1# - MAIN ENTRY--PERSONAL NAME | |
| Personal name | Hirst, Allan William. |
| 9 (RLIN) | 50867 |
| 245 10 - TITLE STATEMENT | |
| Title | Applied electricity |
| Statement of responsibility, etc. | [by] A. W. Hirst. |
| 250 ## - EDITION STATEMENT | |
| Edition statement | 3rd ed. |
| 260 ## - PUBLICATION, DISTRIBUTION, ETC. | |
| Place of publication, distribution, etc. | London, |
| -- | Glasgow, |
| Name of publisher, distributor, etc. | Blackie, |
| Date of publication, distribution, etc. | 1965. |
| 300 ## - PHYSICAL DESCRIPTION | |
| Extent | xiii, 439 p. |
| Other physical details | tables, diagrs. |
| Dimensions | 23 cm. |
| 500 ## - GENERAL NOTE | |
| General note | With solutions to examples. |
| 526 ## - STUDY PROGRAM INFORMATION NOTE | |
| Program name | 0 |
| Interest level | 0 |
| Reading level | 0 |
| Title point value | 621_300000000000000_HIR |
| 650 #0 - SUBJECT ADDED ENTRY--TOPICAL TERM | |
| Topical term or geographic name entry element | Electrical engineering. |
| 942 ## - ADDED ENTRY ELEMENTS (KOHA) | |
| Source of classification or shelving scheme | |
| Koha item type | Book |
| Withdrawn status | Lost status | Source of classification or shelving scheme | Damaged status | Not for loan | Permanent Location | Current Location | Date acquired | Total Checkouts | Full call number | Barcode | Date last seen | Price effective from | Koha item type |
|---|---|---|---|---|---|---|---|---|---|---|---|---|---|
| Military College of Engineering (MCE) | Military College of Engineering (MCE) | 08/26/2015 | 621.3 HIR | MCE-2885 | 08/26/2015 | 08/26/2015 | Book |
